[Event "Bratislava Doprastav op"]
[Site "Bratislava"]
[Date "2006.06.28"]
[Round "6"]
[White "Sosovicka, Juraj"]
[Black "Rybajlak, Igor"]
[Result "0-1"]
[WhiteElo "1762"]
[BlackElo "1973"]
[PlyCount "68"]
[EventDate "2006.06.24"]
[EventType "swiss"]
[EventRounds "9"]
[EventCountry "SVK"]
[SourceTitle "EXT 2008"]
[Source "ChessBase"]
[SourceDate "2007.11.25"]
[SourceVersion "1"]
[SourceVersionDate "2007.11.25"]
[SourceQuality "1"]

1. e4 c5 2. Nf3 Nc6 3. d4 cxd4 4. Nxd4 e5 5. Nb5 d6 6. N1c3 a6 7. Na3 Be6 8. Nd5 Nf6 9. Bg5 Qa5+ 10. Bd2 Qd8 11. Bg5 Bxd5 12. Bxf6 Qa5+ 13. c3 Bxe4 14. Bg5 d5 15. f3 Bg6 16. Bd3 Bxa3 17. Bxg6 hxg6 18. bxa3 Qxc3+ 19. Kf2 Qc5+ 20. Kg3 f6 21. Bc1 Qd4 22. Qxd4 Nxd4 23. Bb2 Nf5+ 24. Kf2 Kf7 25. Rad1 d4 26. f4 Rac8 27. Rhe1 Rc2+ 28. Re2 Rxe2+ 29. Kxe2 Rxh2 30. Kf3 Nh4+ 31. Kg3 Rxg2+ 32. Kxh4 Rxb2 33. fxe5 fxe5 34. Rc1 Kf6 0-1

[Event "Bratislava Doprastav op"]
[Site "Bratislava"]
[Date "2006.06.25"]
[Round "2"]
[White "Simkovic, Eduard"]
[Black "Rybajlak, Igor"]
[Result "1-0"]
[WhiteElo "1872"]
[BlackElo "1973"]
[PlyCount "49"]
[EventDate "2006.06.24"]
[EventType "swiss"]
[EventRounds "9"]
[EventCountry "SVK"]
[SourceTitle "EXT 2008"]
[Source "ChessBase"]
[SourceDate "2007.11.25"]
[SourceVersion "1"]
[SourceVersionDate "2007.11.25"]
[SourceQuality "1"]

1. e4 c5 2. c4 Nc6 3. Nc3 Nf6 4. g3 e6 5. Bg2 Be7 6. Nge2 0-0 7. d3 Ne8 8. Be3 f5 9. Qd2 Nc7 10. 0-0 Rb8 11. f4 a6 12. b3 b5 13. Rad1 Bb7 14. Rfe1 d6 15. a3 Qd7 16. d4 Nxd4 17. Nxd4 cxd4 18. Qxd4 Qc6 19. Re2 Bf6 20. e5 dxe5 21. fxe5 Qxg2+ 22. Rxg2 Rfd8 23. Qc5 Rxd1+ 24. Nxd1 Bd8 25. Qa7 1-0

[Event "Bratislava Slovan op"]
[Site "Bratislava"]
[Date "2004.05.05"]
[Round "6"]
[White "Rybajlak, Igor"]
[Black "Tomek, Stanislav"]
[Result "1-0"]
[WhiteElo "1845"]
[BlackElo "1595"]
[PlyCount "67"]
[EventDate "2004.05.??"]
[EventType "swiss"]
[EventRounds "9"]
[EventCountry "SVK"]
[SourceTitle "EXT 2005"]
[Source "ChessBase"]
[SourceDate "2004.11.15"]
[SourceVersion "1"]
[SourceVersionDate "2004.11.15"]
[SourceQuality "1"]

1. Nf3 c5 2. c4 Nc6 3. Nc3 g6 4. g3 Bg7 5. Bg2 Nf6 6. a3 0-0 7. 0-0 a6 8. e3 e6 9. Rb1 d5 10. cxd5 exd5 11. d3 Bf5 12. Nh4 Bg4 13. f3 Be6 14. f4 Qc7 15. e4 Bg4 16. Bf3 Bxf3 17. Qxf3 Nd4 18. Qg2 dxe4 19. dxe4 Rad8 20. e5 Ng4 21. h3 Nh6 22. g4 f5 23. g5 Nf7 24. Nd5 Qd7 25. Nf6+ Bxf6 26. gxf6 Qb5 27. Nxg6 Ne2+ 28. Kh2 Nh6 29. Nxf8+ Ng4+ 30. hxg4 Rd3 31. gxf5+ Rg3 32. Qd5+ Kxf8 33. Qd6+ Kg8 34. Qd8+ 1-0

[Event "Bratislava Slovan op"]
[Site "Bratislava"]
[Date "2004.05.02"]
[Round "2"]
[White "Rybajlak, Igor"]
[Black "Kovac, Andrej"]
[Result "1-0"]
[WhiteElo "1845"]
[BlackElo "1385"]
[PlyCount "73"]
[EventDate "2004.05.??"]
[EventType "swiss"]
[EventRounds "9"]
[EventCountry "SVK"]
[SourceTitle "EXT 2005"]
[Source "ChessBase"]
[SourceDate "2004.11.15"]
[SourceVersion "1"]
[SourceVersionDate "2004.11.15"]
[SourceQuality "1"]

1. Nf3 Nc6 2. d4 d5 3. Bf4 Bg4 4. e3 f6 5. Be2 Bxf3 6. Bxf3 e5 7. dxe5 fxe5 8. Bg3 Nf6 9. Nc3 Bb4 10. 0-0 Bxc3 11. bxc3 0-0 12. Be2 Ne4 13. Qd3 Kh8 14. Rad1 Rb8 15. c4 Nxg3 16. hxg3 d4 17. c3 dxc3 18. Qxc3 Qg5 19. Bf3 Rf6 20. Rd7 Rc8 21. Rfd1 Qf5 22. g4 Qg5 23. Bxc6 Rxc6 24. f4 exf4 25. exf4 Qc5+ 26. Qd4 h6 27. Kh2 Qf8 28. f5 Rd6 29. Qe4 Re8 30. Qf4 g5 31. Qc1 Rxd1 32. Qxd1 Qc5 33. Qa1+ Re5 34. Rd5 Qf2 35. Qxe5+ Kh7 36. Rd7+ Kg8 37. Qg7# 1-0